00829cam a2200253 450000100060000000300080000600500170001400800390003103500230007003500190009303500170011204000370012904100080016608200150017424500700018926000320025930000210029149000520031265000410036465100340040565100380043965100490047783000490052625409BD-RjUL20211209050856.0140318s1914 enk i 001 0 eng a(OCoLC)ocm04319680 a(BD-RjUL)25479 a(NNC)2037901 aDLCcMTHdMTHdZCUdBD-RjULbeng aeng a942.2bIND00aIndex to the Victoria history of Hampshire and the Isle of Wight. aLondon :bConstable,c1914. a135 p. ;c32 cm.1 aThe Victoria history of the counties of England 0aNatural historyzEnglandzHampshire. 0aHampshire (England)xHistory. 0aHampshire (England)xAntiquities. 0aHampshire (England)xDescription and travel. 0aVictoria history of the counties of England.